书目信息 |
| 题名: |
城市群道路客运组织创新
|
|
| 作者: | 韩彪 , 陈凌青 , 王欣 著 | |
| 分册: | ||
| 出版信息: | 北京 人民出版社 2008.05 |
|
| 页数: | 226页 | |
| 开本: | 21cm | |
| 丛书名: | ||
| 单 册: | ||
| 中图分类: | U239.5 | |
| 科图分类: | ||
| 主题词: | 城市道路--cheng shi dao lu--交通规则--研究--中国 | |
| 电子资源: | ||
| ISBN: | 978-7-01-006688-2 | |
| 000 | 01092nam0 2200277 450 | |
| 001 | 012008157550 | |
| 005 | 20080901193036.60 | |
| 010 | @a978-7-01-006688-2@dCNY22.80 | |
| 100 | @a20080901d2008 em y0chiy0120 ea | |
| 101 | 0 | @achi |
| 102 | @aCN@b110000 | |
| 105 | @aak z 000yy | |
| 106 | @ar | |
| 200 | 1 | @a城市群道路客运组织创新@Acheng shi qun dao lu ke yun zu zhi chuang xin@e基于城市轨道交通竞争下的探索@f韩彪 ... [等] 著@Fhan biao...[deng]zhu |
| 210 | @a北京@c人民出版社@d2008.05 | |
| 215 | @a226页@c图@d21cm | |
| 304 | @a题名页题 : 韩彪, 陈凌青, 王欣, 潘金生, 吴业文, 胡坤鹏著 | |
| 330 | @a本书主要内容包括:城市化与城际客运方式调整,城市群客运需求分析-以珠三角为例,城市群客运供给动态-以珠三角为例等。 | |
| 517 | 1 | @a基于城市轨道交通竞争下的探索@Aji yu cheng shi gui dao jiao tong jing zheng xia de tan suo |
| 606 | 0 | @a城市道路@Acheng shi dao lu@x交通规则@x研究@y中国 |
| 690 | @aU239.5@v4 | |
| 701 | 0 | @a韩彪@Ahan biao@4著 |
| 701 | 0 | @a陈凌青@Achen ling qing@4著 |
| 701 | 0 | @a王欣@Awang xin@4著 |
| 801 | 0 | @aCN@bQSSK@c20080901 |
| 905 | @b734264-66@dU239.5@eH076@f3 | |
| 城市群道路客运组织创新:基于城市轨道交通竞争下的探索/韩彪 ... [等] 著.-北京:人民出版社,2008.05 |
| 226页:图;21cm |
| ISBN 978-7-01-006688-2:CNY22.80 |
| 本书主要内容包括:城市化与城际客运方式调整,城市群客运需求分析-以珠三角为例,城市群客运供给动态-以珠三角为例等。 |
| ● |
| 相关链接 |
|
|
|
正题名:城市群道路客运组织创新
索取号:U239.5/H076
 
预约/预借
| 序号 | 登录号 | 条形码 | 馆藏地/架位号 | 状态 | 备注 |
| 1 | 734264 | 207342641 | 自科二线400A/201建筑库 47排1列2层/ [索取号:U239.5/H076] | 在馆 | |
| 2 | 734265 | 207342650 | 自科库501/501自科库 79排2列3层/ [索取号:U239.5/H076] | 在馆 | |
| 3 | 734266 | 207342669 | 土木与交通工程学院资料室/土木与交通学院资料室 1排1列1层/ [索取号:U239.5/H076] | 在馆 |